Poor economics : (Record no. 1777)

MARC details
000 -LEADER
fixed length control field 00734nam a2200217 a 4500
003 - CONTROL NUMBER IDENTIFIER
control field BD-DhJNU
005 - DATE AND TIME OF LATEST TRANSACTION
control field 20250617050349.0
008 - FIXED-LENGTH DATA ELEMENTS--GENERAL INFORMATION
fixed length control field 190220t20132011ii |||| |||| 001 0 eng d
020 ## - INTERNATIONAL STANDARD BOOK NUMBER
International Standard Book Number 9788184002805
040 ## - CATALOGING SOURCE
Original cataloging agency BD-DhJNU
Language of cataloging ENG
Transcribing agency BD-DhJNU
Modifying agency BD-DhJNU
082 ## - DEWEY DECIMAL CLASSIFICATION NUMBER
Classification number 339.460 BAP
Edition number 23
100 ## - MAIN ENTRY--PERSONAL NAME
Personal name Banerjee, Abhijit V.
245 ## - TITLE STATEMENT
Title Poor economics :
Remainder of title rethinking poverty and the ways to end it /
Statement of responsibility, etc. Abhijit V. Banerjee and Esther Duflo
260 ## - PUBLICATION, DISTRIBUTION, ETC.
Place of publication, distribution, etc. India :
Name of publisher, distributor, etc. Penguin Books,
Date of publication, distribution, etc. c2011
300 ## - PHYSICAL DESCRIPTION
Extent xv, 442 pages ;
Dimensions 20cm.
504 ## - BIBLIOGRAPHY, ETC. NOTE
Bibliography, etc. note Includes bibliographical references (pages [406-429] ) and index.
650 ## - SUBJECT ADDED ENTRY--TOPICAL TERM
Topical term or geographic name entry element Economic assistance
Geographic subdivision Developing countries.
650 ## - SUBJECT ADDED ENTRY--TOPICAL TERM
Topical term or geographic name entry element Poverty
General subdivision Prevention.
700 ## - ADDED ENTRY--PERSONAL NAME
Personal name Duflo, Esther
942 ## - ADDED ENTRY ELEMENTS (KOHA)
Koha item type Books
Holdings
Withdrawn status Lost status Source of classification or shelving scheme Damaged status Not for loan Collection Home library Current library Shelving location Date acquired Source of acquisition Total checkouts Full call number Barcode Date last seen Copy number Price effective from Koha item type
    Dewey Decimal Classification     Non-fiction Jagannath University Central Library Jagannath University Central Library General stacks 06/17/2025 Purchased   339.460 BAP JNUCL35325 06/17/2025 1 06/17/2025 Books
    Dewey Decimal Classification     Non-fiction Jagannath University Central Library Jagannath University Central Library General stacks 10/15/2025 Purchased   339.460 BAP JNUCL35799 10/15/2025 2 10/15/2025 Books